| 000 | 01468nam a2200265Ia 4500 | ||
|---|---|---|---|
| 999 |
_c40852 _d40852 |
||
| 001 | 7493 | ||
| 003 | GE_BSU | ||
| 005 | 20221101173039.0 | ||
| 008 | 181216s2008||||ge |||||||||||||| ||geo|| | ||
| 020 | _a9789941902932 | ||
| 040 | _cGE_BSU | ||
| 041 | _ageo | ||
| 080 | _a316.334.2+316.42(479.22) ჭ-54 | ||
| 100 |
_aჭითანავა, ნოდარ _9802 |
||
| 245 |
_aსოციალური ეკონომიკა : _bფორმირება და განვითარება / _cნოდარ ჭითანავა, ლარისა თაკალანძე ; [რედ.-გამომც. ზაურ ნაჭყებია ; საქ. დავით აღმაშენებლის სახელ. უნ-ტი]. |
||
| 264 |
_aთბილისი : _bინოვაცია, _c2008. |
||
| 300 |
_a596 გვ.: _bსქემ;ცხრ.; _c20 სმ. |
||
| 501 | _aდანართი:გვ;578-581. | ||
| 504 | _aბიბლიოგრ.გვ;582-592. | ||
| 541 | _h18ლ. | ||
| 653 | _aსოციალური ეკონომიკა; საქართველოს სოციალ-ეკონომიკური განვითარება. | ||
| 700 |
_aთაკლანაძე, ლარისა _eავტორი _915700 |
||
| 700 |
_aსაქ. დავით აღმაშენებლის სახელ. უნ-ტი _915701 |
||
| 942 |
_cBK _2udc |
||